000 00387 a2200157 4500
020 _a9695191118
082 _a297.4
090 _c5978
_d5978
100 _aNicholson,R.A.
245 _aAl-Hujwiri Revelation of the Mystery.
_bKashf al-Mahjub
250 _a1st
260 _aLahore.
_bSuhail Academy.
_c2005.
300 _a446p.
500 _aHardcover.
942 _aNBS
_cBK
_k297.4 NIC
999 _c348367
_d348367